Vinh quang của cha tôi : Hồi ký tuổi thơ /

Uloženo v:
Podrobná bibliografie
Hlavní autor: Pagnol, Marcel
Další autoři: Hoàng Hữu Đản
Médium: Sách giấy
Jazyk:Vietnamese
Vydáno: TP.HCM : TP.HCM , 1996
Tagy: Přidat tag
Žádné tagy, Buďte první, kdo otaguje tento záznam!
Thư viện lưu trữ: Thư viện Trường Đại học Đà Lạt
LEADER 00614nam a2200253 4500
001 DLU020010279
005 ##11/23/1999
041 # # |a vie 
082 # # |a 843  |b PA-M 
090 # # |a 843  |b PA-M 
100 # # |a Pagnol, Marcel 
245 # # |a Vinh quang của cha tôi :  |b Hồi ký tuổi thơ /  |c Hoàng Hữu Đản, Pagnol Marcel 
260 # # |a TP.HCM :  |b TP.HCM ,  |c 1996 
300 # # |a 364 tr.;   |c 21 cm. 
700 # # |a Hoàng Hữu Đản 
992 # # |a 30000 
994 # # |a DLU 
900 # # |a False 
911 # # |a admin 
925 # # |a G 
926 # # |a A 
927 # # |a SH 
980 # # |a Thư viện Trường Đại học Đà Lạt